Marvellous world of trees /

Guardado en:
Autor Principal: Dupuis, Jean
Formato: Libro
Publicado: London : Abbey library, 0
Materias:
Etiquetas: Agregar Etiqueta
Sin Etiquetas, Sea el primero en etiquetar este registro!
LEADER 00499nam a22001815a 4500
001 CEM.cems015820
005 20131003174757.0
008 130507b######################000#0#####d
003 CEMS
082 0 4 |a 634.927 
100 1 |a Dupuis, Jean 
245 1 0 |a Marvellous world of trees /  |c Jean Dupuis, 
260 |a London :  |b Abbey library, 0 
300 |a 108 p. 
653 |a Agricultura 
653 |a Árboles 
653 |a Taxonomía forestal 
859 |a CEMS  |b BIB. CEMS - Agricultura  |h 634.927  |i D929  |p A10958.82  |t Ej.1